000 00740nam a22002297a 4500
005 20170124105947.0
010 _aA-486260
020 _c00.00
_a8170362601
035 _aA-486260
037 _bCen Lib/Ret
040 _aDPL
_bEN
082 _a338.954
_bIND
245 _aIndian social and economic development, 1991 :
_ccompiled by Cendit
_ban index to the literature /
260 _aNew Delhi
_bSage Publications
_c1991
270 _bNew Delhi
_aM-32 Greater Kailash-I
_e110048
300 _a199p.
_c22cm(Hb)
500 _aIncludes bibliographical references and index
650 _aIndia--Development
_912499
650 _aIndia--Economics
_912500
700 _aCendit
_912501
942 _2ddc
_cEN
_h338.954
_mIND
999 _c124951
_d124951